Werke von J.W. Goethe – Sudden death - Statistiken

Allgemein
  • Dieses Quiz wurde 102 mal gespielt
  • Das Durchschnittsergebnis liegt bei 7 aus 12
Answers on the Grid
Answers color-coded by a green-red scale on the quiz's grid according to % correct below.
,,Faust"
,,Der Erlkönig"
,,Die Leiden des jungen Werther"
,,Wilhelm Meisters Lehrjahre"
,,Italienische Reise"
,,Iphigenie auf Tauris"
,,Egmont"
,,Torquato Tasso"
,,Götz von Berlichingen mit der eisernen Hand"
,,West-östlicher Divan"
,,Hermann und Dorothea"
,,Römische Elegien"
,,Der Process"
,,Krieg und Frieden"
,,Moby Dick"
,,Jane Eyre"
,,Frankenstein"
,,Schuld und Sühne"
,,Anna Karenina"
,,Die Räuber"
 
Antwortstatistiken
Antwort % Korrekt
,,Faust"
92%
,,Die Leiden des jungen Werther"
81%
,,Der Erlkönig"
79%
,,Italienische Reise"
69%
,,Iphigenie auf Tauris"
60%
,,Wilhelm Meisters Lehrjahre"
58%
,,Götz von Berlichingen mit der eisernen Hand"
55%
,,Römische Elegien"
55%
,,Egmont"
47%
,,Hermann und Dorothea"
45%
,,Torquato Tasso"
39%
,,West-östlicher Divan"
35%
Keine übereinstimmenden Quizze gefunden
Verteilung der Resultate
Anzahl Personen mit jedem Resultat
Perzentil nach korrekt beantworteten Fragen
Ihre Resultats-Entwicklung
Sie haben dieses Quiz noch nicht gespielt